Music Quiz

Random Music or Album Quiz
Score 0/13 Timer 05:00
0 Plays Today
% Correct
Diamonds
95.2%
You
92.9%
Maid
92.9%
Band
92.9%
Band
90.5%
Friends
90.5%
Four
90.5%
Morning
90.5%
Bye
88.1%
Go
85.7%
On
83.3%
Time
81%
Bill
81%
Remove Ads.
Support Sporcle.
Get the best of Sporcle when you Go Orange. This ad-free experience offers more features, more stats, and more fun while also helping to support Sporcle. Thank you for becoming a member.

You're not logged in!

Compare scores with friends on all Sporcle quizzes.
OR
Log In

Sporcle TV

Today on Sporcle TV


Watch our educational content, quiz creation guides, and fun videos on Sporcle TV.

Show Comments

Extras

Top Quizzes Today


Score Distribution

Paid Content

Your Account Isn't Verified!

In order to create a playlist on Sporcle, you need to verify the email address you used during registration. Go to your Sporcle Settings to finish the process.

Report this User

Report this user for behavior that violates our Community Guidelines.

Details: